00509cam a2200157ua 45000010005000000080039000050400009000440820008000531000026000612450110000872600044001973000010002416530018002516530025002696530057002946003131030n ii |||gr||||Z||||||eng cMAIN a973 aMatthiessen,eAuthor. aAmerican Renaissance : bArt and Expression in the Age of Emerson and whitman / cby F.O. Matthiessen .  aDelhi:bOxford University Press,c1973. a663p. aUnited States aAmerican Renaissance aArt and Expression in the Age of Emerson and Whitman